1844 1100 1214 1563 1483 1873 1918 1484 1995 1214 1094 1582 1004 1581 1500 1593 1894 1066 1872 1157 1803 1777 1067 1944 1931 1431 1773 1413 1837 1726 1158 1680 1010 1159 1375 1237 1347 1900 1274 1476 1000 1229 1920 1551 1638 1093 1595 1848 1519 1488 1323 1073 1739 1085 1816 1217 1468 1590 1090 1145 1418 1523 1011 1619 1377 1425 1833 1371 1471 1583 1018 1102 1247 1876 1834 1064 1258 1264 1959 1801 1991 1035 1724 1393 1864 1481 1777 1370 1275 1361 1265 1361 1013 1794 1509 1307 1820 1321 1750 BCNSPRNW ULIB Ver.6.0+V

เปลี่ยนเป็นภาษาไทย

Change to English
 แสดงรายละเอียดบรรณานุกรม
  กลับหน้าหลัก

Brief Record : Get Marc (ISO 2709) : E-mail record : QR code < ปิดหน้าต่าง
LEADER : 00000nam 2200000uu 4500
001    13399124851
003     ULIB
008    160408s2557||||th 000 0 tha d
020    ^a9786162794834
060    ^aWY163^bก492
100 0  ^aรัชนี เบญจธนัง,^eบรรณาธิการ
245 10 ^aการพยาบาลผู้ป่วยใช้เครื่องช่วยหายใจ /^cบรรณาธิการ, รัชนี เบญจธนัง และพิมพ์จิตร์ กาญจนสินธุ์
250    ^aพิมพ์ครั้งที่ 1
260    ^aกรุงเทพฯ :^bพี.เอ.ลีฟวิ่ง,^c2557
300    ^a158 หน้า :^bภาพประกอบ ;^c23 ซม.
650  4 ^aเครื่องช่วยหายใจ
650  4 ^aทางเดินอากาศหายใจ, โรค - การพยาบาล
650  4 ^aออกซิเจน
700 0  ^aพิมพ์จิตร์ กาญจนสินธุ์,^eบรรณาธิการ
945    ^p160^l0^i23366
945    ^p160^l0^i23367
945    ^p160^l0^i23368
945    ^p160^l0^i23369
945    ^p160^l0^i23370
999    ^aทศพร เกษรทอง
รายการนี้ยังไม่มีแท็ก
คุณยังไม่ได้ล็อกอิน คุณสามารถมีกิจกรรมร่วมกับเว็บไซต์ได้ แต่ต้องล็อกอินก่อน ::
  ล็อกอิน

รายการสื่อสารสนเทศ

ลำดับที่ ประเภท เลขเรียก/บาร์โค้ด สถานที่ สถานะ
1. Book การพยาบาล
Book การพยาบาล
สถานะ=หนังสือเก่า
WY163 ก492 ฉ.1 
  Barcode: 23366
ห้องสมุดวิทยาเขตนครสวรรค์
►ส่วนจัดเก็บหนังสือเก่า นว.
บนชั้น
  ขอยืม
2. Book การพยาบาล
Book การพยาบาล
สถานะ=หนังสือเก่า
WY163 ก492 ฉ.2 
  Barcode: 23367
ห้องสมุดวิทยาเขตนครสวรรค์
►ส่วนจัดเก็บหนังสือเก่า นว.
บนชั้น
  ขอยืม
3. Book การพยาบาล
Book การพยาบาล
สถานะ=หนังสือเก่า
WY163 ก492 ฉ.3 
  Barcode: 23368
ห้องสมุดวิทยาเขตนครสวรรค์
►ส่วนจัดเก็บหนังสือเก่า นว.
บนชั้น
  ขอยืม
4. Book การพยาบาล
Book การพยาบาล
สถานะ=หนังสือเก่า
WY163 ก492 ฉ.4 
  Barcode: 23369
ห้องสมุดวิทยาเขตนครสวรรค์
►ส่วนจัดเก็บหนังสือเก่า นว.
บนชั้น
  ขอยืม
5. Book การพยาบาล
Book การพยาบาล
สถานะ=หนังสือเก่า
WY163 ก492 ฉ.5 
  Barcode: 23370
ห้องสมุดวิทยาเขตนครสวรรค์
►ส่วนจัดเก็บหนังสือเก่า นว.
บนชั้น
  ขอยืม

รายการใกล้เคียง
    ผู้แต่ง [รัชนี เบญจธนัง, บรรณาธิการ]

    หัวเรื่อง [เครื่องช่วยหายใจ]
    หัวเรื่อง [ทางเดินอากาศหายใจ, โรค - การพยาบาล]
    หัวเรื่อง [ออกซิเจน]

BibComment


ยังไม่เคยถูกคอมเมนท์

คอมเมนท์ทรัพยากรรายการนี้
  คอมเมนท์: การพยาบาลผู้ป่วย..


 Copyright 2026. Bcnsprnw @Library